000 00303 a2200121 4500
000 nam a22 7a 4500
005 20260207150628.0
020 _a9789381843536
100 _aJyotio
_91114368
245 _aVedic Yug mein Vigyan evam Prodyogiki
260 _bSwati Publications
_c2025
942 _cTEXL
999 _c1678912
_d1678912